| 000 | 00732nam a2200181 a 4500 | ||
|---|---|---|---|
| 001 | 000041545 | ||
| 005 | 20201002035631.0 | ||
| 008 | 131009s1981 sp 000 0 spa d | ||
| 020 | _a840004858X | ||
| 040 |
_aDO-SdBNP _bspa _cBNPHU |
||
| 082 |
_axxx _bL791i |
||
| 100 | 1 |
_aLleonart y Amsélem, Alberto J. _968281 |
|
| 245 | 1 | 0 |
_aInvestigación Cientifica y Derecho Internacional / _cA. J. Lleonart y Amsélem ; prólogo Adolfo Miaja de la Muela. |
| 260 |
_aMadrid : _bDpto. Derecho Internacional (F. de Vitoria), Instituto de Ciencias Jurídicas (C.S.I.C.), _c1981. |
||
| 300 |
_a269 p. ; _c24 cm. |
||
| 500 | _aIncluye referencias bibliográficas y notas al pie de las páginas | ||
| 700 | 1 | 2 |
_aMuela, Adolfo Miaja de la _eprol. _968282 |
| 999 |
_c41035 _d41035 |
||